000 00674nam a22002297a 4500
003 dpl
005 20180702105339.0
008 180608b xxu||||| |||| 00| 0 eng d
010 _aB-167166
020 _c400.00
_a8125026630
035 _aB-167166, B-167158
037 _bBBPD/PUB
040 _c0
082 _a882.08
100 _aViswanathan,s.
245 _a Exploring Shakespeare: The Dynamic of Playmaking
_cS Vishwathan
260 _aNew Delhi
_bOrien Longman Pvt Ltd
_c2005
270 _a1/24 Asaf Ali Road
_bNew Delhi :
_e110 002
300 _axii, 286p.
440 _a Exploring Shakespeare: The Dynamic of Playmaking
942 _adpl
_cEN
_k882 / VIS
_2ddc
999 _c152615
_d152615